000 00313nam a2200133Ia 4500
005 20260326235453.0
008 260326s9999||||xx |||||||||||||| ||und||
100 _aMelot, Michel
245 0 _aChateaux of the Loire /
_cMichel Melot
260 _bEvergreen
300 _a207 p.
650 _aCASTILLOS
942 _cBK
999 _c7853
_d7853